Score 0/10 Timer 01:00
0 Plays Today
% Correct
عيد الميلاد
91.1%
Navidad
86.7%
Weihnachten
84.9%
Рождество Христово
79.7%
Noël
78.2%
Χριστούγεννα
76.3%
Natale
73.6%
Dies Christi Natalis
69.6%
Joulu
67.2%
Natal
57.2%

Today's Daily Dose

Remove Ads.
Support Sporcle.
Get the best of Sporcle when you Go Orange. This ad-free experience offers more features, more stats, and more fun while also helping to support Sporcle. Thank you for becoming a member.

You're not logged in!

Compare scores with friends on all Sporcle quizzes.
OR
Log In

Show Comments

Extras

Top Quizzes Today


Score Distribution

Your Account Isn't Verified!

In order to create a playlist on Sporcle, you need to verify the email address you used during registration. Go to your Sporcle Settings to finish the process.

Report this User

Report this user for behavior that violates our Community Guidelines.

Details: